| 000 | 01382nam a22002417a 4500 | ||
|---|---|---|---|
| 001 | 9956 | ||
| 003 | FISKH | ||
| 005 | 20260319123430.0 | ||
| 008 | 260319b cb ||||| |||| 00| 0 eng d | ||
| 040 |
_aFISKH _beng _cFISKH _dFISKH |
||
| 082 | _a428 | ||
| 100 | _aRuddell , Robert B. | ||
| 245 |
_aMajesty and mystery / _cBy Robert B. Ruddell , Virginia M. Reid and Dianne L. Monson |
||
| 260 |
_aBoston : _bAllyn and Bacon , Inc , _c1978 . |
||
| 300 |
_a310 pages : _bcolor illustrations ; _c23 cm . |
||
| 505 | _aS | ||
| 520 | _aMajesty & Mystery is a children’s educational reader designed for elementary or middle school students as part of an Allyn & Bacon reading program. The book contains a collection of short passages and stories—both narrative and informational—centered on themes that evoke wonder, curiosity, and natural or human-made “mysteries.” Each passage is crafted to develop reading comprehension, vocabulary, and literacy skills, often accompanied by discussion prompts or questions for classroom use. While the text may include descriptive or narrative elements, the primary focus is educational rather than fictional storytelling, making it a resource for guided reading programs. | ||
| 521 | 8 |
_a800
_bLexile estimate |
|
| 521 | 8 |
_aS
_bRaz-Plus |
|
| 700 |
_aWeller, Don _eIllustrator |
||
| 942 |
_2ddc _cBK _n0 |
||
| 999 |
_c9956 _d9956 |
||